Представление документа в формате MARC21

Поле Инд. ПП Название Значение
Тип записи a
Библиографический уровень m
001 _ Контрольный номер RU\infra-m\znanium\bibl\1227707
005 _ Дата корректировки 20250915104109.1
008 Кодируемые данные 201214s2020 RU g rus u
020 a ISBN 978-5-00091-719-0
020 a ISBN 978-5-16-109050-3
020 a ISBN 978-5-16-015608-8
040 a Служба первич. каталог. Общество с ограниченной ответственностью «ЗНАНИУМ»
041 a Код языка текста rus
044 a Код страны публикации RU
080 a Индекс УДК 504(075.32)
084 2 Источник индекса rubbk
a Индекс другой классификации/Индекс ББК 20.1я723
084 2 Источник индекса okso
a Индекс другой классификации/Индекс ББК 13.02.06
084 2 Источник индекса okso
a Индекс другой классификации/Индекс ББК 15.02.08
100 1_ a Автор Тимофеева Светлана Семёновна
q Полное имя Светлана Семёновна
245 a Заглавие Промышленная экология. Практикум
b Продолж. заглавия Учебное пособие
c Ответственность Иркутский национальный исследовательский технический университет
250 a Основные сведения об издании 1
260 a Место издания Москва
b Издательство Издательство "ФОРУМ"
c Дата издания 2021
300 a Объем 128 с.
520 a Аннотация В учебном пособии представлены практические работы по расчету параметров газоочистного оборудования, оборудования для очистки сточных вод и системы защиты и переработки твердых бытовых отходов.
521 a Примеч. о целев. назн. Среднее профессиональное образование
650 a Основная рубрика Науки о Земле. Экология
x Основная подрубрика Отраслевая и прикладная экология
700 1_ a Другие авторы Тюкалова Ольга Васильевна
q Полное имя Ольга Васильевна
852 x Примечание, не предназначенное для пользователя znanium2022
856 4_ a Имя сервера/домена znanium.com
m Помощь ebs_support@infra-m.ru
n Местонахождение сервера НИЦ ИНФРА-М
u URL http://znanium.com/catalog/document?id=369929
z Примечание для пользователя Участвует в КО
856 41 a Имя сервера/домена znanium.com
d Путь /cover/1227
f Электронное имя 1227707.jpg
q Тип электронного формата image/jpeg
u URL https://znanium.com/cover/1227/1227707.jpg